00393nam a2200181Ia 4500008004000000041000800040082001200048100000600060245003700066260004500103300000700148650000700155650000800162650001400170650000900184650000900193650000900202210210b1947 xxu||||| |||| 00| 0 eng d aeng a960/101 a- aIAS geography from 1947 to date aNew DelhibCareers Institute Regd.c1947 a23 ato aIAS ageography afrom adate a1947